000 00546nam a2200181Ia 4500
003 OSt
005 20200706104236.0
008 190216s9999||||xx |||||||||||||| ||und||
020 _a9780198221456
040 _coclc
082 _a947.08
_bWES/E
100 _aWestwood, J N
_93475
245 4 _aEndurance And Endeavour :
_bRussian History 1812-1986 /
_cJ N Westwood
260 _bOxford University Press,
_c1988.
_aNew York:
300 _a551p
650 _aWorld History
942 _cBK
_2ddc
_h947.08
_iWES/E
_k947.08
_mWES/E
999 _c20147
_d20147